Jednoduché a podvojné účetnictví podnikatele.

Podmienky, za ktorých vedie podnikateľ jednoduché a podvojné účtovníctvo, a rozdiely medzi oboma spôsobmi. Výrazný rozdiel medzi výškou daňového základu, vyplývajúci z pagatórneho, resp. akruálneho prístupu k účtovníctvu. Dôsledky pre bilancovanie podnikov. Ilustrácia na príklade.

Salvato in:
Dettagli Bibliografici
Autore principale: Janhuba, Miloslav
Natura: Capitolo di libro
Lingua:ceco
Soggetti:
Tags: Aggiungi Tag
Nessun Tag, puoi essere il primo ad aggiungerne!!

MARC

LEADER 00000naa a2200000 4500
001 r008129
005 20220831085411.9
041 0 |a cze 
044 |a [CS] 
245 1 0 |a Jednoduché a podvojné účetnictví podnikatele.  |c Miloslav Janhuba 
520 |a Podmienky, za ktorých vedie podnikateľ jednoduché a podvojné účtovníctvo, a rozdiely medzi oboma spôsobmi. Výrazný rozdiel medzi výškou daňového základu, vyplývajúci z pagatórneho, resp. akruálneho prístupu k účtovníctvu. Dôsledky pre bilancovanie podnikov. Ilustrácia na príklade. 
610 2 0 |a účtovníctvo 
610 2 0 |a podnikatelia 
610 2 0 |a dane 
610 2 0 |a účtovníctvo jednoduché 
610 2 0 |a účtovníctvo podvojné 
610 2 0 |a knihy účtovné 
100 1 |a Janhuba, Miloslav